| 000 | 00591nam a2200205Ia 4500 | ||
|---|---|---|---|
| 008 | 191130s2010##################000#0#eng## | ||
| 020 | _a9780230218246 | ||
| 040 |
_aACL _cACL |
||
| 082 | _a650.01513 SWI | ||
| 100 | _aSwift, louise | ||
| 245 |
_aQuantitative methods for business, management & finance _cLouise swift & Sally piff |
||
| 250 | _a3rd ed | ||
| 260 |
_aBasingstoke _bPalagrave Macmillan _c2010 |
||
| 300 | _axxiii, 832 p. : ill. | ||
| 500 | _aIncludes index | ||
| 700 | _aPiff, Sally | ||
| 990 | _a2482df92ac10000c53bc22369f8cb782 | ||
| 991 | _a438279 | ||
| 999 |
_c48171 _d48171 |
||